LeBron or MJ? - Statistics

General Stats
  • This quiz has been taken 138 times
  • The average score is 13 of 15
Answer Stats
Hint Answer % Correct
All time points total scorer Lebron James
99%
Has played for three teams Lebron James
93%
Was born in Ohio Lebron James
92%
Has played for Miami Lebron James
91%
Designed his own shoe, named Air ______ Michael Jordan
91%
Won 6 championships in a decade Michael Jordan
91%
Has over 50,000 career points including the playoffs Lebron James
90%
Faced off against Hakeem Olijuwon Michael Jordan
90%
Has won 5 MVPs Michael Jordan
89%
Has a career average of 30.5 PPG Michael Jordan
82%
Is the owner of a NASCAR team Michael Jordan
82%
Has won 4 MVPs Lebron James
80%
Is less rich Lebron James
71%
Has won 3 Olympic golds Lebron James
59%
Has ADHD Michael Jordan
55%
No matching quizzes found
Score Distribution
Percent of People with Each Score
Percentile by Number Answered
Your Score History
You have not taken this quiz